00972nam a2200265 i 4500001001000000003000900010005001700019007000300036008004100039040003000080041000800110082002500118100003400143245006900177250002200246264007500268300002800343336002700371337003300398338002800431500006200459500007200521650005100593651006200644000002994DO-SdBNP20260324095612.0ta090706s1988 dr r 000 0 spa d aDO-SdBNPbspacBNPHUerda aspa 4a338.97293bM585m2221 aMessina, Milton,eautor4aut.10aMemorias del ajuste de una economia en crisis /cMilton Messina. aprimera edición aSanto Domingo :bFondo para el Avance de las Ciencias Sociales,c1988. a181 páginas ;c24 cm. atextobtxt2rdacontent asin mediaciónbn2rdamedia avolumenbnc2rdacarrier aIncluye datos biográficos del autor en la contraportada aIncluye referencias bibliograficas y notas al pie de las páginas. 7aEstabilidad económica y1982-19862LIBRUNAM  4aRepública DominicanaxPolítica económicay1982-1986